Statistics for NBA Best All Time Starters

Click here to take the quiz!

General Stats

  • This quiz has been taken 4,253 times
  • The average score is 85 of 150

Answer Stats

TeamPositionPlayer% Correct
LakersCKareem Abdul-Jabbar
97%
LakersSFKobe Bryant
97%
LakersPGMagic Johnson
97%
LakersPFShaquille O'Neal
97%
PelicansPFDavid West
96%
LakersSGJerry West
96%
BullsSGMichael Jordan
96%
WarriorsPGStephen Curry
96%
HornetsSGDell Curry
95%
CavaliersPFLeBron James
95%
SpursPFTim Duncan
95%
ClippersCDeAndre Jordan
94%
ThunderSFKevin Durant
94%
BullsSFScottie Pippen
94%
WarriorsSGKlay Thompson
93%
SpursPGTony Parker
91%
WarriorsCWilt Chamberlain
91%
PistonsPFDennis Rodman
90%
RocketsSGJames Harden
90%
ThunderSGRussell Westbrook
90%
NuggetsSGDavid Thompson
89%
CavaliersPGKyrie Irving
89%
SpursCDavid Robinson
88%
HeatSGDwyane Wade
88%
76ersSFJulius Erving
88%
JazzPFKarl Malone
88%
CelticsSFLarry Bird
88%
76ersCMoses Malone
88%
BucksPFGlenn Robinson
87%
RocketsCHakeem Olajuwon
87%
CelticsCBill Russell
85%
SpursSFKawhi Leonard
85%
76ersPGAllen Iverson
84%
ClippersPGChris Paul
84%
BullsPGDerrick Rose
84%
MavericksSFDirk Nowitzki
84%
WarriorsPFDraymond Green
84%
PistonsPGIsiah Thomas
84%
JazzPGJohn Stockton
83%
SunsPGSteve Nash
83%
TimberwolvesPFKevin Garnett
82%
GrizzliesCMarc Gasol
80%
GrizzliesPFPau Gasol
80%
RaptorsPFAmir Johnson
79%
HeatPFChris Bosh
79%
NetsPGJason Kidd
79%
HawksSGJoe Johnson
79%
HornetsPFLarry Johnson
79%
WizardsPGJohn Wall
78%
KnicksCPatrick Ewing
77%
76ersPFCharles Barkley
76%
KnicksPGDamian Lillard
76%
PelicansCAnthony Davis
75%
PelicansPGBaron Davis
74%
KnicksSGClyde Drexler
74%
PacersPFDale Davis
74%
ThunderPGGary Payton
74%
KnicksSFCarmelo Anthony
73%
TimberwolvesSFKevin Love
73%
CelticsSGPaul Pierce
73%
KingsPGOscar Robertson
72%
MagicPGPenny Hardaway
72%
ClippersSFBlake Griffin
71%
CelticsPGBob Cousy
71%
BucksSGRay Allen
71%
HeatPGTim Hardaway
71%
PacersSGReggie Miller
69%
RocketsSFTracy McGrady
69%
NuggetsPGAndre Miller
68%
MagicCDwight Howard
68%
GrizzliesSGMike Miller
68%
RaptorsPFVince Carter
68%
HeatCAlonzo Mourning
66%
CelticsPFKevin McHale
65%
RaptorsPGKyle Lowry
65%
GrizzliesPGMike Conley
64%
SpursSGGeorge Gervin
63%
HawksSFDominique Wilkins
62%
HawksPGLenny Wilkens
62%
ThunderPFShawn Kemp
62%
RaptorsSGDeMar DeRozan
61%
PacersSFPaul George
61%
SunsCAmar'e Stoudemire
59%
PistonsSGJoe Dumars
59%
RocketsPGKenny Smith
55%
KnicksPFRasheed Wallace
55%
WarriorsSFChris Mullin
54%
KnicksCBill Walton
53%
BullsCArtis Gilmore
52%
PistonsCBill Laimbeer
52%
NuggetsCDikembe Mutombo
52%
KingsPFChris Webber
51%
HawksCBob Pettit
49%
WizardsCWes Unseld
49%
TimberwolvesCKarl-Anthony Towns
48%
NetsPFBuck Williams
47%
KingsCDeMarcus Cousins
47%
CavaliersSGMark Price
46%
NuggetsSFAlex English
44%
NetsCBrook Lopez
44%
WizardsPFElvin Hayes
42%
SunsSFShawn Marion
40%
PistonsSFGrant Hill
39%
JazzCMark Eaton
37%
JazzSGPete Maravich
37%
KingsSFPeja Stojakovic
34%
MavericksSGJason Terry
33%
MavericksCTyson Chandler
33%
PacersPGMark Jackson
32%
WizardsSGGilbert Arenas
30%
HeatSFGlen Rice
30%
76ersSGAndre Iguodala
28%
BullsPFToni Kukoc
24%
HawksPFAl Horford
23%
KnicksSGJohn Starks
23%
HornetsCAl Jefferson
22%
KnicksPGEarl Monroe
22%
NetsSFRichard Jefferson
22%
PacersCRik Smits
22%
RaptorsCJonas Valanciunas
21%
HornetsPGMuggsy Bogues
21%
TimberwolvesPGRicky Rubio
21%
BucksPGSidney Moncrief
21%
CavaliersCBrady Daugherty
20%
ThunderCJack Sikma
20%
KingsSGMitch Richmond
19%
PelicansSFRyan Anderson
19%
KnicksPFCharles Oakley
18%
MavericksPGDerek Harper
18%
MagicSGNick Anderson
18%
ClippersSGRon Harper
18%
ClippersPFElton Brand
17%
PelicansSGEric Gordon
15%
RocketsPFRobert Horry
15%
MagicPFRashard Lewis
14%
TimberwolvesSGKevin Martin
13%
MavericksSFMichael Finley
13%
JazzSFAndrei Kirilenko
12%
WizardsSFAntawn Jamison
11%
MagicSFDennis Scott
11%
GrizzliesSFShane Battier
10%
BucksCAndrew Bogut
9%
NuggetsPFDan Issel
9%
SunsSGDan Majerle
8%
BucksSFBob Dandridge
5%
HornetsSFAnthony Mason
4%
SunsPFConnie Hawkins
4%
CavaliersSFCraig Ehlo
4%
KnicksSFJerome Kersey
4%
NetsSGKerry Kittles
3%

Score Distribution

Percentile by Number Answered

Percent of People with Each Score

Your Score History

You have not taken this quiz